[Event "Montcalm 4 2025-26"]
[Site "Quebec CAN"]
[Date "2026.01.22"]
[Round "3"]
[White "Oliver, Vance"]
[Black "Lapierre, Gaetan"]
[Result "1/2-1/2"]
[WhiteElo "1432"]
[BlackElo "1637"]
[WhiteFideId "-1"]
[BlackFideId "-1"]
[PlyCount "61"]
[GameId "2269869080215671"]
[EventDate "2026.01.08"]
[EventType "swiss"]
[EventRounds "5"]
[EventCountry "CAN"]

1. e4 c5 2. Nf3 d6 3. d4 cxd4 4. Nxd4 Nf6 5. Nc3 a6 6. Be2 Nbd7 7. Be3 Ne5 8. O-O b5 9. a4 b4 10. Na2 Bb7 11. f3 a5 12. c3 bxc3 13. Nxc3 Rc8 14. Qb3 Ba8 15. Bb5+ Ned7 16. Rac1 e6 17. Nce2 Rxc1 18. Rxc1 d5 19. Nc6 Bxc6 20. Bxc6 Bb4 21. exd5 exd5 22. Nf4 O-O 23. Nxd5 Nxd5 24. Bxd5 Nf6 25. Bc4 Qe7 26. Bb5 Nd5 27. Bd4 Nf4 28. Qc2 Qg5 29. Kh1 Ne6 30. Rd1 Nxd4 31. Rxd4 1/2-1/2

[Event "Montcalm 4 2025-26"]
[Site "Quebec CAN"]
[Date "2026.01.22"]
[Round "3"]
[White "Voisin, Antoine"]
[Black "Bell, Robert"]
[Result "1-0"]
[WhiteElo "1636"]
[BlackElo "1281"]
[WhiteFideId "-1"]
[BlackFideId "-1"]
[PlyCount "49"]
[GameId "2269869080215672"]
[EventDate "2026.01.08"]
[EventType "swiss"]
[EventRounds "5"]
[EventCountry "CAN"]

1. e4 e5 2. Nc3 Nf6 3. f4 exf4 4. e5 Qe7 5. Qe2 f3 6. Nxf3 Ng4 7. d4 g6 8. Nd5 Qd8 9. Nf6+ Nxf6 10. exf6+ Be7 11. Qxe7+ Qxe7+ 12. fxe7 Kxe7 13. Bc4 Re8 14. O-O f6 15. Bd2 c6 16. Bb4+ d6 17. Rae1+ Kd7 18. Rxe8 Kxe8 19. Bxd6 Kd7 20. Bg3 b5 21. Bg8 h6 22. Nd2 Ke7 23. Re1+ Kf8 24. Bd6+ Kxg8 25. Re8+ 1-0

[Event "Montcalm 4 2025-26"]
[Site "Quebec CAN"]
[Date "2026.01.22"]
[Round "3"]
[White "Fleury, Dominic"]
[Black "Boissinot, Claude"]
[Result "1-0"]
[WhiteElo "1327"]
[BlackElo "1426"]
[WhiteFideId "-1"]
[BlackFideId "-1"]
[PlyCount "67"]
[GameId "2269869080215673"]
[EventDate "2026.01.08"]
[EventType "swiss"]
[EventRounds "5"]
[EventCountry "CAN"]

1. c4 Nf6 2. Nc3 e6 3. g3 d5 4. cxd5 exd5 5. Bg2 Be7 6. d4 O-O 7. Nf3 h6 8. O-O Nc6 9. Qb3 a6 10. Rd1 b5 11. Ne5 Na5 12. Qc2 Be6 13. Bd2 Rc8 14. Nxb5 c5 15. Na7 Qb6 16. Nxc8 Rxc8 17. Rac1 Nc4 18. Nxc4 dxc4 19. Bc3 cxd4 20. Bxd4 Bc5 21. Bxc5 Qxc5 22. e3 Bg4 23. Rd4 Be6 24. Rcd1 Qe5 25. Rd8+ Ne8 26. Rxc8 Bxc8 27. Rd8 Qe6 28. Bh3 f5 29. Qa4 Kf7 30. Bg2 Nf6 31. Qb4 Kg6 32. Qd2 Ne4 33. Bxe4 fxe4 34. Rd6 1-0

[Event "Montcalm 4 2025-26"]
[Site "Quebec CAN"]
[Date "2026.01.29"]
[Round "4"]
[White "Rainfray, Arnaud"]
[Black "Duguay-Piron, Simon"]
[Result "1-0"]
[WhiteElo "2330"]
[BlackElo "1876"]
[WhiteFideId "-1"]
[BlackFideId "-1"]
[PlyCount "45"]
[GameId "2272406615593909"]
[EventDate "2026.01.08"]
[EventType "swiss"]
[EventRounds "5"]
[EventCountry "CAN"]

1. e4 c5 2. Nf3 Nc6 3. Bb5 Nd4 4. Nxd4 cxd4 5. c3 Qb6 6. Qe2 g6 7. cxd4 a6 8. Bc4 Bg7 9. Nc3 Qxd4 10. Nd5 Qc5 11. d4 Bxd4 12. Bf4 e5 13. Bd2 b5 14. Bb3 Qa7 15. Rc1 Bc5 16. Rxc5 Qxc5 17. O-O a5 18. Rc1 Qa7 19. Qf3 Ne7 20. Qf6 Nxd5 21. Qxh8+ Ke7 22. Qxe5+ Kd8 23. Bxd5 1-0

[Event "Montcalm 4 2025-26"]
[Site "Quebec CAN"]
[Date "2026.01.29"]
[Round "4"]
[White "Barrera, Eduardo"]
[Black "Bourassa, Samuel"]
[Result "1-0"]
[WhiteElo "1897"]
[BlackElo "2036"]
[WhiteFideId "-1"]
[BlackFideId "-1"]
[PlyCount "105"]
[GameId "2272406615909302"]
[EventDate "2026.01.08"]
[EventType "swiss"]
[EventRounds "5"]
[EventCountry "CAN"]

1. e4 g6 2. d4 Bg7 3. Nf3 c5 4. dxc5 Qa5+ 5. c3 Qxc5 6. Na3 a6 7. Nc4 Qc7 8. Be3 Nc6 9. Nb6 Rb8 10. Nd5 Qd6 11. Bb6 e6 12. Bc7 Qc5 13. Nb6 Nge7 14. Na4 Qh5 15. Bxb8 Nxb8 16. Qd6 Nbc6 17. Nc5 O-O 18. Be2 b6 19. Nxa6 Qg4 20. O-O Qxe4 21. Rfe1 Qg4 22. Nc7 Nf5 23. Qd1 Qf4 24. Nb5 d5 25. Qd2 Qa4 26. Na3 Bb7 27. Bb5 Qa8 28. Nc2 Nce7 29. Ncd4 Nd6 30. Bd3 Ne4 31. Qc2 e5 32. Nb5 f6 33. Nc7 Qb8 34. Nxd5 Nxd5 35. Bxe4 f5 36. Bxd5+ Bxd5 37. Red1 Bxf3 38. gxf3 Qc8 39. Qb3+ Kh8 40. Qxb6 f4 41. Kg2 e4 42. h3 Qf5 43. Qa6 exf3+ 44. Kh2 Qc2 45. Qf1 Qxb2 46. a4 Bxc3 47. a5 Bd4 48. Kg1 Rf5 49. Rxd4 Qxd4 50. a6 Rg5+ 51. Kh1 Qa7 52. Ra3 Qe7 53. Qa1+ 1-0

[Event "Montcalm 4 2025-26"]
[Site "Quebec CAN"]
[Date "2026.01.29"]
[Round "4"]
[White "Drolet, Stephane"]
[Black "Genest, Dominic"]
[Result "1-0"]
[WhiteElo "1893"]
[BlackElo "1799"]
[WhiteFideId "-1"]
[BlackFideId "-1"]
[PlyCount "75"]
[GameId "2272406615913399"]
[EventDate "2026.01.08"]
[EventType "swiss"]
[EventRounds "5"]
[EventCountry "CAN"]

1. Nf3 Nf6 2. c4 e6 3. d4 d5 4. Bg5 c6 5. e3 Nbd7 6. Nc3 Bd6 7. Qc2 h6 8. Bh4 O-O 9. O-O-O dxc4 10. Bxc4 b5 11. Bd3 Qb6 12. Bg3 Be7 13. Kb1 a5 14. e4 Ba6 15. Rhe1 b4 16. Na4 Bxd3 17. Rxd3 Qb5 18. Ne5 c5 19. Nxd7 Nxd7 20. d5 c4 21. Rf3 b3 22. axb3 exd5 23. exd5 cxb3 24. Qxb3 Bb4 25. Rd1 Rad8 26. Nc3 Qa6 27. Qc2 Rc8 28. Qe2 Qb6 29. Na4 Qg6+ 30. Qd3 Qxd3+ 31. Rfxd3 Rfe8 32. Re3 Red8 33. b3 Ra8 34. Bc7 Re8 35. Nb6 Nxb6 36. Bxb6 Bd6 37. Rxe8+ Rxe8 38. Bxa5 1-0

[Event "Montcalm 4 2025-26"]
[Site "Quebec CAN"]
[Date "2026.01.29"]
[Round "4"]
[White "Verge, Leo"]
[Black "Fecteau, Martin"]
[Result "1/2-1/2"]
[WhiteElo "1860"]
[BlackElo "1797"]
[WhiteFideId "-1"]
[BlackFideId "-1"]
[PlyCount "94"]
[GameId "2272406615913400"]
[EventDate "2026.01.08"]
[EventType "swiss"]
[EventRounds "5"]
[EventCountry "CAN"]

1. e4 c5 2. Nf3 d6 3. d3 g6 4. g3 Bg7 5. Bg2 Nc6 6. c3 b5 7. O-O Rb8 8. d4 cxd4 9. cxd4 Bb7 10. a3 Nf6 11. Nc3 O-O 12. Re1 a6 13. h3 Na5 14. b3 Rc8 15. Bd2 Nc6 16. d5 Nb8 17. Rc1 Nfd7 18. Ne2 Nc5 19. Ned4 Nd3 20. Rxc8 Qxc8 21. Re3 Ne5 22. Nxe5 Bxe5 23. Nc2 Qc7 24. Re2 Nd7 25. Be3 Rc8 26. Bd4 Bxd4 27. Nxd4 Qc1 28. Qxc1 Rxc1+ 29. Kh2 Nc5 30. b4 Nd3 31. Rd2 Ne5 32. Rc2 Rxc2 33. Nxc2 Nc4 34. Kg1 Bc8 35. Kf1 e6 36. Ke2 exd5 37. exd5 Bf5 38. Ne3 Nxa3 39. g4 Bb1 40. Kd2 Ba2 41. Bf1 f5 42. gxf5 gxf5 43. f4 Bb1 44. Kc3 Be4 45. Bd3 Nb1+ 46. Kc2 Na3+ 47. Kc3 Nb1+ 1/2-1/2

[Event "Montcalm 4 2025-26"]
[Site "Quebec CAN"]
[Date "2026.01.29"]
[Round "4"]
[White "Fahmi, Adam"]
[Black "Audouze, Oscar"]
[Result "0-1"]
[WhiteElo "1849"]
[BlackElo "1781"]
[WhiteFideId "-1"]
[BlackFideId "-1"]
[PlyCount "50"]
[GameId "2272406615937977"]
[EventDate "2026.01.08"]
[EventType "swiss"]
[EventRounds "5"]
[EventCountry "CAN"]

1. d4 e6 2. c4 Nf6 3. g3 c5 4. d5 d6 5. Nc3 exd5 6. cxd5 g6 7. Bg2 Bg7 8. Nf3 O-O 9. O-O Re8 10. Bf4 Ne4 11. Nxe4 Rxe4 12. Qd2 Rb4 13. Rac1 Rxb2 14. Rc2 Rxc2 15. Qxc2 b5 16. Re1 Bg4 17. Nd2 Na6 18. h3 Bc8 19. e4 c4 20. Rb1 Rb8 21. a4 c3 22. axb5 cxd2 23. bxa6 Rxb1+ 24. Qxb1 Qa5 25. Qc2 Qa1+ 0-1

[Event "Montcalm 4 2025-26"]
[Site "Quebec CAN"]
[Date "2026.01.29"]
[Round "4"]
[White "Bluteau, Yvon"]
[Black "Sauve, Richard"]
[Result "1-0"]
[WhiteElo "1786"]
[BlackElo "1822"]
[WhiteFideId "-1"]
[BlackFideId "-1"]
[PlyCount "41"]
[GameId "2272406615937978"]
[EventDate "2026.01.08"]
[EventType "swiss"]
[EventRounds "5"]
[EventCountry "CAN"]

1. e4 e6 2. d4 d5 3. exd5 exd5 4. Nf3 Nc6 5. Bd3 Bg4 6. c3 Nf6 7. Bf4 Be7 8. h3 Bh5 9. Nbd2 O-O 10. Qc2 Re8 11. O-O-O a6 12. g4 Bg6 13. Bxg6 hxg6 14. Rdg1 b5 15. h4 b4 16. h5 bxc3 17. Qxc3 Qd7 18. hxg6 fxg6 19. Qd3 Ne4 20. Nxe4 dxe4 21. Qc4+ 1-0

[Event "Montcalm 4 2025-26"]
[Site "Quebec CAN"]
[Date "2026.01.29"]
[Round "4"]
[White "Gaulin, Gaetan"]
[Black "Lescarbeau, Martin"]
[Result "1-0"]
[WhiteElo "1874"]
[BlackElo "1734"]
[WhiteFideId "-1"]
[BlackFideId "-1"]
[PlyCount "45"]
[GameId "2272406615937979"]
[EventDate "2026.01.08"]
[EventType "swiss"]
[EventRounds "5"]
[EventCountry "CAN"]

1. Nf3 d5 2. g3 Nf6 3. Bg2 e6 4. d4 Be7 5. O-O O-O 6. c4 c6 7. b3 Ne4 8. Bb2 f5 9. Nbd2 Nd7 10. Qc2 b6 11. cxd5 cxd5 12. Qc6 Ndc5 13. Qxa8 Qc7 14. dxc5 Nxc5 15. b4 Ba6 16. Qxf8+ Bxf8 17. bxc5 Bxe2 18. Rfe1 Bd3 19. cxb6 axb6 20. Rac1 Qd7 21. Ne5 Qb5 22. Nxd3 Qxd3 23. Nf3 1-0

[Event "Montcalm 4 2025-26"]
[Site "Quebec CAN"]
[Date "2026.01.29"]
[Round "4"]
[White "Dube, Dominic"]
[Black "Mercure, Gilbert"]
[Result "1-0"]
[WhiteElo "1664"]
[BlackElo "1844"]
[WhiteFideId "-1"]
[BlackFideId "-1"]
[PlyCount "47"]
[GameId "2272406615937980"]
[EventDate "2026.01.08"]
[EventType "swiss"]
[EventRounds "5"]
[EventCountry "CAN"]

1. e4 d5 2. exd5 Nf6 3. Nf3 Bg4 4. Be2 Qxd5 5. Nc3 Qh5 6. d4 Nc6 7. Bf4 O-O-O 8. Ne5 Nxd4 9. Bxg4+ Nxg4 10. O-O Ne6 11. Qxg4 Qxg4 12. Nxg4 Nxf4 13. Ne5 Rg8 14. Nxf7 Rd7 15. Rad1 e6 16. Rxd7 Kxd7 17. Rd1+ Ke8 18. Nd8 Bd6 19. Nxb7 Ke7 20. g3 Nh3+ 21. Kg2 Ng5 22. b3 Bb4 23. Na4 Ne4 24. Rd4 1-0

[Event "Montcalm 4 2025-26"]
[Site "Quebec CAN"]
[Date "2026.01.29"]
[Round "4"]
[White "Sarra-Bournet, Marc"]
[Black "Lamini, Cedric"]
[Result "1-0"]
[WhiteElo "1732"]
[BlackElo "1673"]
[WhiteFideId "-1"]
[BlackFideId "-1"]
[PlyCount "51"]
[GameId "2272406615937981"]
[EventDate "2026.01.08"]
[EventType "swiss"]
[EventRounds "5"]
[EventCountry "CAN"]

1. e4 e5 2. Nf3 Nf6 3. Nxe5 Nc6 4. Nxc6 dxc6 5. d3 Bc5 6. Be2 h5 7. O-O Ng4 8. Bf4 g5 9. Bd2 Qd6 10. g3 h4 11. Bxg4 hxg3 12. h3 Rh4 13. Bxc8 Rxc8 14. Kg2 g4 15. fxg3 Rxh3 16. Qxg4 Rxg3+ 17. Qxg3 Qg6 18. Qxg6 fxg6 19. Nc3 Ke7 20. Bg5+ Ke6 21. Rf6+ Ke5 22. Raf1 Rg8 23. Rf7 b5 24. Bf4+ Ke6 25. Bxc7 Be3 26. R1f6# 1-0

[Event "Montcalm 4 2025-26"]
[Site "Quebec CAN"]
[Date "2026.01.29"]
[Round "4"]
[White "Oliver, Vance"]
[Black "Perreault, Jacquelin"]
[Result "0-1"]
[WhiteElo "1432"]
[BlackElo "1733"]
[WhiteFideId "-1"]
[BlackFideId "-1"]
[PlyCount "100"]
[GameId "2272406615937982"]
[EventDate "2026.01.08"]
[EventType "swiss"]
[EventRounds "5"]
[EventCountry "CAN"]

1. e4 c5 2. Nf3 d6 3. d4 cxd4 4. Nxd4 Nf6 5. Nc3 a6 6. Be2 e5 7. Nf3 Be7 8. O-O O-O 9. Nd2 Be6 10. Nc4 b5 11. Ne3 Nbd7 12. a4 b4 13. Ncd5 Bxd5 14. Nxd5 Nxd5 15. exd5 Nf6 16. a5 Qc7 17. Bd2 Rfc8 18. c4 bxc3 19. bxc3 Ne4 20. c4 Nxd2 21. Qxd2 Qc5 22. Rfb1 Rab8 23. g3 Bd8 24. Qa2 g6 25. Kg2 e4 26. h4 f5 27. Qa4 Bf6 28. Rxb8 Rxb8 29. Qd7 Bxa1 30. h5 Be5 31. hxg6 hxg6 32. Qe6+ Kh7 33. Qe7+ Bg7 34. Qh4+ Kg8 35. Qe7 Rf8 36. Qe6+ Kh7 37. Qe7 Qxa5 38. Qxd6 Qd2 39. Bf1 e3 40. Qf4 Qxf2+ 41. Qxf2 exf2 42. c5 Bd4 43. c6 Be5 44. Bxa6 Ra8 45. Be2 Ra3 46. Kxf2 Bxg3+ 47. Kg2 Bd6 48. Kf1 g5 49. Kg2 g4 50. Kf1 Kg6 0-1

[Event "Montcalm 4 2025-26"]
[Site "Quebec CAN"]
[Date "2026.01.29"]
[Round "4"]
[White "Bergeron, Nicolas"]
[Black "Voisin, Antoine"]
[Result "0-1"]
[WhiteElo "1729"]
[BlackElo "1636"]
[WhiteFideId "-1"]
[BlackFideId "-1"]
[PlyCount "52"]
[GameId "2272406615937983"]
[EventDate "2026.01.08"]
[EventType "swiss"]
[EventRounds "5"]
[EventCountry "CAN"]

1. d4 Nf6 2. c4 g6 3. Nc3 Bg7 4. e4 d6 5. Nf3 O-O 6. Be2 e5 7. O-O exd4 8. Nxd4 Nbd7 9. Be3 Ne5 10. f3 Bd7 11. Qd2 Ne8 12. b4 a5 13. b5 f5 14. a4 fxe4 15. Nxe4 Nf6 16. Nc3 Qe8 17. Rac1 Qf7 18. Nb1 b6 19. Rfd1 Rae8 20. h3 Bc8 21. Bg5 Nh5 22. Bf1 Ng3 23. Qc2 h6 24. Bh4 Qf4 25. Bxg3 Qxg3 26. Ne2 Nxf3+ 0-1

[Event "Montcalm 4 2025-26"]
[Site "Quebec CAN"]
[Date "2026.01.29"]
[Round "4"]
[White "Bergeron, Normand"]
[Black "Michaud, Jacques"]
[Result "1-0"]
[WhiteElo "1689"]
[BlackElo "1425"]
[WhiteFideId "-1"]
[BlackFideId "-1"]
[PlyCount "119"]
[GameId "2272406615937984"]
[EventDate "2026.01.08"]
[EventType "swiss"]
[EventRounds "5"]
[EventCountry "CAN"]

1. e4 c5 2. c3 d5 3. exd5 Qxd5 4. Na3 a6 5. Nf3 b5 6. Nc2 Nf6 7. d4 e6 8. Bd3 Be7 9. O-O Bb7 10. Bf4 Nc6 11. a4 cxd4 12. cxd4 bxa4 13. Ne3 Qd8 14. Qxa4 O-O 15. Rfc1 Nh5 16. Bg3 Nxg3 17. hxg3 Nb4 18. Be2 Rc8 19. Qd1 Qb6 20. Nc4 Qa7 21. b3 Rfd8 22. Nce5 Rxc1 23. Rxc1 Bd5 24. Bc4 Bb7 25. Qd2 Nd5 26. Bxd5 Bxd5 27. Qf4 f6 28. Nc6 Bxc6 29. Rxc6 Qd7 30. Rc7 Qd6 31. Qxd6 Bxd6 32. Ra7 e5 33. dxe5 Bxe5 34. Nxe5 Rd1+ 35. Kh2 fxe5 36. Rxa6 Rb1 37. Rb6 Kf7 38. g4 Rb2 39. Kg3 g5 40. Kf3 Rb1 41. b4 Rb2 42. b5 Rb3+ 43. Ke4 Rb4+ 44. Kxe5 Rxg4 45. g3 Rb4 46. Kf5 Rb2 47. Rb7+ Ke8 48. f4 gxf4 49. gxf4 Rb4 50. Ke6 Re4+ 51. Kf5 Rb4 52. Kg5 Kd8 53. f5 Kc8 54. Rxh7 Rxb5 55. Kg6 Kd8 56. f6 Rb6 57. Kg7 Rb7+ 58. Kg8 Rxh7 59. Kxh7 Ke8 60. Kg7 1-0

[Event "Montcalm 4 2025-26"]
[Site "Quebec CAN"]
[Date "2026.01.29"]
[Round "4"]
[White "Cantin, Guillaume"]
[Black "Dumont, Eric"]
[Result "0-1"]
[WhiteElo "1635"]
[BlackElo "1655"]
[WhiteFideId "-1"]
[BlackFideId "-1"]
[PlyCount "58"]
[GameId "2272406615937985"]
[EventDate "2026.01.08"]
[EventType "swiss"]
[EventRounds "5"]
[EventCountry "CAN"]

1. d4 d5 2. c4 c6 3. cxd5 cxd5 4. Bf4 Nc6 5. e3 Nf6 6. Nf3 e6 7. Bd3 Qb6 8. Nc3 a6 9. Rb1 Bd7 10. O-O Be7 11. a3 Rc8 12. Qe2 O-O 13. Rfc1 Na5 14. b4 Nc4 15. Bxc4 Rxc4 16. Ne5 Rcc8 17. g4 Qd8 18. g5 Ne8 19. Qh5 Nd6 20. Ng4 Nf5 21. e4 Nxd4 22. Kh1 dxe4 23. Nxe4 Nf5 24. Be5 Bc6 25. Rxc6 Rxc6 26. Ngf6+ Bxf6 27. Bxf6 Qd5 28. f3 Rfc8 29. Rg1 Rc1 0-1

[Event "Montcalm 4 2025-26"]
[Site "Quebec CAN"]
[Date "2026.01.29"]
[Round "4"]
[White "Lapierre, Gaetan"]
[Black "Fleury, Dominic"]
[Result "1-0"]
[WhiteElo "1637"]
[BlackElo "1327"]
[WhiteFideId "-1"]
[BlackFideId "-1"]
[PlyCount "67"]
[GameId "2272406615937986"]
[EventDate "2026.01.08"]
[EventType "swiss"]
[EventRounds "5"]
[EventCountry "CAN"]

1. e4 e5 2. Nf3 Nf6 3. d3 Nc6 4. Be2 d5 5. Nbd2 Bc5 6. h3 Be6 7. O-O Qd7 8. Ng5 Nd4 9. c3 Nxe2+ 10. Qxe2 d4 11. c4 O-O-O 12. Nb3 Be7 13. Nxe6 Qxe6 14. Bg5 h6 15. Bxf6 gxf6 16. f4 exf4 17. Rxf4 Qe5 18. Rf5 Qg3 19. c5 Rhg8 20. Rf3 Qg5 21. Rf5 Qh4 22. Rf3 Rg5 23. Qf2 Qh5 24. Rc1 Rdg8 25. g4 Qg6 26. Nxd4 h5 27. Nf5 Kd8 28. Rg3 hxg4 29. h4 Rh5 30. c6 b6 31. Qd4+ Bd6 32. Nxd6 cxd6 33. Qxd6+ Ke8 34. c7 1-0

[Event "Montcalm 4 2025-26"]
[Site "Quebec CAN"]
[Date "2026.01.29"]
[Round "4"]
[White "Boissinot, Claude"]
[Black "Pepin, Pierre-Luc"]
[Result "0-1"]
[WhiteElo "1426"]
[BlackElo "1129"]
[WhiteFideId "-1"]
[BlackFideId "-1"]
[PlyCount "76"]
[GameId "2272406615937987"]
[EventDate "2026.01.08"]
[EventType "swiss"]
[EventRounds "5"]
[EventCountry "CAN"]

1. e4 e6 2. d4 d5 3. Nc3 dxe4 4. Nxe4 c6 5. Nf3 g6 6. Bd3 Bg7 7. c3 Qc7 8. O-O Nf6 9. Ng3 Nbd7 10. Re1 b6 11. Be3 Bb7 12. Nd2 Nd5 13. Nde4 f5 14. Ng5 Nf8 15. Bd2 Qd7 16. f4 h6 17. Nf3 O-O-O 18. Qa4 Kb8 19. c4 Nc7 20. Bc3 c5 21. Qd1 Bxf3 22. Qxf3 Bxd4+ 23. Bxd4 Qxd4+ 24. Re3 Qxb2 25. Rb1 Qxa2 26. Re2 Qa3 27. Reb2 Qxd3 28. Rxb6+ axb6 29. Rxb6+ Kc8 30. Qb7+ Kd7 31. Qc6+ Ke7 32. Qxc7+ Rd7 33. Qxc5+ Rd6 34. Rb7+ Nd7 35. Qb4 Qe3+ 36. Kf1 Qxf4+ 37. Ke2 Rc8 38. Qc3 Qxc4+ 0-1

[Event "Montcalm 4 2025-26"]
[Site "Quebec CAN"]
[Date "2026.02.05"]
[Round "5"]
[White "Rainfray, Arnaud"]
[Black "Barrera, Eduardo"]
[Result "1-0"]
[WhiteElo "2330"]
[BlackElo "1897"]
[WhiteFideId "-1"]
[BlackFideId "-1"]
[PlyCount "29"]
[GameId "2275010979385614"]
[EventDate "2026.01.08"]
[EventType "swiss"]
[EventRounds "5"]
[EventCountry "CAN"]

1. d4 d6 2. e4 Nf6 3. Bd3 g6 4. f4 Bg7 5. Nf3 O-O 6. O-O Nc6 7. c3 Bg4 8. Nbd2 Re8 9. h3 Bc8 10. e5 Nh5 11. Ne4 Bh6 12. f5 Bxc1 13. Qxc1 Bxf5 14. Qh6 f6 15. Nfg5 1-0

[Event "Montcalm 4 2025-26"]
[Site "Quebec CAN"]
[Date "2026.02.05"]
[Round "5"]
[White "Audouze, Oscar"]
[Black "Drolet, Stephane"]
[Result "1-0"]
[WhiteElo "1781"]
[BlackElo "1893"]
[WhiteFideId "-1"]
[BlackFideId "-1"]
[PlyCount "61"]
[GameId "2275010979651855"]
[EventDate "2026.01.08"]
[EventType "swiss"]
[EventRounds "5"]
[EventCountry "CAN"]

1. d4 Nf6 2. c4 e6 3. Nc3 Bb4 4. Qc2 d5 5. cxd5 exd5 6. Bg5 O-O 7. e3 h6 8. Bh4 Nbd7 9. Bd3 c5 10. a3 Qa5 11. Nge2 c4 12. Bf5 Re8 13. O-O Bxc3 14. Nxc3 g5 15. Bg3 Nf8 16. h4 Be6 17. hxg5 hxg5 18. Be5 N6d7 19. f4 Qb6 20. Bxe6 fxe6 21. Rf3 Re7 22. Rg3 Nxe5 23. fxe5 Rg7 24. Rf1 Nd7 25. Rf6 Nxf6 26. exf6 Rh7 27. Qg6+ Kh8 28. Rh3 Qc7 29. f7 Rh4 30. Rxh4+ gxh4 31. Qh6# 1-0

[Event "Montcalm 4 2025-26"]
[Site "Quebec CAN"]
[Date "2026.02.05"]
[Round "5"]
[White "Berube, Antoine"]
[Black "Bluteau, Yvon"]
[Result "1-0"]
[WhiteElo "2232"]
[BlackElo "1786"]
[WhiteFideId "-1"]
[BlackFideId "-1"]
[PlyCount "97"]
[GameId "2275010979651856"]
[EventDate "2026.01.08"]
[EventType "swiss"]
[EventRounds "5"]
[EventCountry "CAN"]

1. d4 d5 2. c4 e6 3. Nf3 Nf6 4. g3 Be7 5. Bg2 c6 6. O-O O-O 7. Nc3 Nbd7 8. Qd3 b6 9. e4 dxe4 10. Nxe4 Bb7 11. Nc3 Qc7 12. Qe2 Rfe8 13. Rd1 Rad8 14. Bf4 Bd6 15. Bxd6 Qxd6 16. Ne5 Qc7 17. b4 a6 18. a4 c5 19. Nxd7 Nxd7 20. dxc5 bxc5 21. b5 Bxg2 22. Kxg2 Nb8 23. Qe3 Rd7 24. Ne4 Rc8 25. Qg5 Kf8 26. Rxd7 Nxd7 27. a5 axb5 28. cxb5 Qb7 29. f3 Qxb5 30. Qd2 Rb8 31. a6 Qb2 32. Qxb2 Rxb2+ 33. Kf1 Rb8 34. Ke2 Ke7 35. Ra5 c4 36. Ke3 f5 37. Nc5 Nxc5 38. Rxc5 Ra8 39. Ra5 Kd6 40. Kd4 Kc6 41. Kxc4 Kb6 42. Ra2 Ra7 43. Kd4 Kc6 44. Ke5 Kd7 45. Rd2+ Ke7 46. Rd6 g6 47. Rxe6+ Kf7 48. Rb6 Kf8 49. Rb8+ 1-0

[Event "Montcalm 4 2025-26"]
[Site "Quebec CAN"]
[Date "2026.02.05"]
[Round "5"]
[White "Gaulin, Gaetan"]
[Black "Sarra-Bournet, Marc"]
[Result "1-0"]
[WhiteElo "1874"]
[BlackElo "1732"]
[WhiteFideId "-1"]
[BlackFideId "-1"]
[PlyCount "129"]
[GameId "2275010979651857"]
[EventDate "2026.01.08"]
[EventType "swiss"]
[EventRounds "5"]
[EventCountry "CAN"]

1. Nf3 d5 2. g3 Nf6 3. Bg2 e6 4. O-O Be7 5. d4 O-O 6. c4 c6 7. Qc2 Nbd7 8. Nbd2 Re8 9. b3 c5 10. Bb2 cxd4 11. Bxd4 b6 12. e4 Bb7 13. exd5 exd5 14. Rfe1 Rc8 15. Ne5 Nxe5 16. Bxe5 Qd7 17. Qb2 Ng4 18. Bd4 Bb4 19. h3 Bxd2 20. Qxd2 Nf6 21. Bxf6 gxf6 22. Rxe8+ Rxe8 23. cxd5 Re6 24. Rd1 Rd6 25. Kh2 Kg7 26. Bf3 Qf5 27. Kg2 h6 28. Qd4 Qe5 29. g4 Qg5 30. Qe3 Qxe3 31. fxe3 Kf8 32. e4 Ke7 33. Kg3 Rd7 34. Rc1 Kd6 35. Kf4 Ke7 36. Be2 Kd6 37. b4 Re7 38. Bb5 Re5 39. Bc6 Bc8 40. Bb5 Bb7 41. Bf1 a6 42. b5 axb5 43. Bxb5 Re7 44. Rc2 Re5 45. Bd3 h5 46. Be2 hxg4 47. Bxg4 Ba6 48. Rc6+ Ke7 49. Rxb6 Bd3 50. Bf5 Bc4 51. a4 Bxd5 52. exd5 Rxd5 53. Ra6 Rd4+ 54. Ke3 Rb4 55. a5 Rb5 56. Kf4 Rb4+ 57. Be4 Rb5 58. h4 Rh5 59. Kg4 Rb5 60. Ra8 Rb4 61. Kf4 Rb5 62. a6 Ra5 63. a7 Ra4 64. h5 Ra5 65. h6 1-0

[Event "Montcalm 4 2025-26"]
[Site "Quebec CAN"]
[Date "2026.02.05"]
[Round "5"]
[White "Verge, Leo"]
[Black "Dube, Dominic"]
[Result "0-1"]
[WhiteElo "1860"]
[BlackElo "1664"]
[WhiteFideId "-1"]
[BlackFideId "-1"]
[PlyCount "106"]
[GameId "2275010979651858"]
[EventDate "2026.01.08"]
[EventType "swiss"]
[EventRounds "5"]
[EventCountry "CAN"]

1. Nf3 c6 2. c4 d5 3. e3 Nf6 4. Nc3 Bg4 5. Be2 e6 6. O-O Bd6 7. cxd5 exd5 8. d4 Qc7 9. h3 Bh5 10. Bd2 Nbd7 11. Qc2 Bg6 12. Bd3 Bxd3 13. Qxd3 O-O 14. Rfc1 a6 15. a3 Nb6 16. b3 Qe7 17. Na4 Nxa4 18. bxa4 Ne4 19. Rcb1 f5 20. g3 Rf6 21. Bb4 Rg6 22. Ne5 Rh6 23. h4 g5 24. Bxd6 Nxd6 25. hxg5 Qxg5 26. Kg2 Re8 27. Rh1 Ree6 28. Rxh6 Rxh6 29. Rb1 Qh5 30. Kf1 Qh2 31. Nf3 Qh3+ 32. Ke2 Qg4 33. Rb3 Rh2 34. Rxb7 Nxb7 35. Qxa6 Nd6 36. Qxc6 Rh6 37. Qxd5+ Nf7 38. a5 Qe4 39. Qc4 Rc6 40. Qxf7+ Kxf7 41. Ng5+ Ke7 42. Nxe4 fxe4 43. f3 exf3+ 44. Kxf3 Rc3 45. Kf4 Kf6 46. e4 Rxa3 47. d5 Rxa5 48. e5+ Ke7 49. Ke4 Rb5 50. Kd4 Rb3 51. Kc5 Rxg3 52. Kc6 Rc3+ 53. Kb7 h5 0-1

[Event "Montcalm 4 2025-26"]
[Site "Quebec CAN"]
[Date "2026.02.05"]
[Round "5"]
[White "Perreault, Jacquelin"]
[Black "Bourassa, Samuel"]
[Result "1-0"]
[WhiteElo "1733"]
[BlackElo "2036"]
[WhiteFideId "-1"]
[BlackFideId "-1"]
[PlyCount "77"]
[GameId "2275010979651859"]
[EventDate "2026.01.08"]
[EventType "swiss"]
[EventRounds "5"]
[EventCountry "CAN"]

1. e4 c5 2. Nf3 g6 3. d4 cxd4 4. Nxd4 Bg7 5. Nc3 Nc6 6. Be3 Nf6 7. Qd2 O-O 8. f3 d5 9. O-O-O Nxd4 10. Bxd4 dxe4 11. Nxe4 Qc7 12. Nxf6+ exf6 13. Qc3 Qf4+ 14. Be3 Qa4 15. Qb3 Qa5 16. Bc4 a6 17. Bb6 Qg5+ 18. Kb1 Qxg2 19. Bc5 b5 20. Bxf7+ Kh8 21. Bd5 Bf5 22. Bxf8 Rxf8 23. Be4 Bxe4 24. fxe4 Qxe4 25. Rhe1 Qg4 26. h3 Qh4 27. Re7 f5 28. Rf7 Rg8 29. a3 h5 30. Rdd7 Qe1+ 31. Ka2 Qe5 32. Rde7 Qd4 33. c3 Qc5 34. Rc7 Qe5 35. Rfe7 Qd6 36. Qe6 Qxe6+ 37. Rxe6 g5 38. Rf7 f4 39. h4 1-0